000 00413nam a2200145Ia 4500
008 210716s2004 xx 000 0 und d
020 _a8176494828
041 _aeng
082 _a658.83 STER
100 _aStevens, Robert E;Wrenn, Bruce;Ruddick, Morris E;Sherwood, Philip K.
245 _aMarketing research guide
260 _aNew Delhi
_bViva Books
_c2004
300 _axv 488
650 _aMarketing Research
999 _c198086
_d198086